000 01591nam a2200301 i 4500
001 136866
003 ES-MaACL
005 20250827024930.0
007 t|
008 070214s1982 sp |||| |dspa d
020 _a84-7351-159-X
100 1 _aSainz de Andino, Pedro.
_9101579
245 1 3 _aEl pensamiento administrativo de P. Sainz de Andino :
_b1829-1848 /
_cintroducción y notas de José Mª García Madaria.
260 _aMadrid :
_bInstituto Nacional de Administración Pública,
_c1982.
300 _a548 p. ;
_c22 cm.
490 1 _aClásicos de la administración ;
_v7
505 0 _aExposición al Rey N.S. sobre la situación política del Reyno y medios de su restauración: hecha en el año de 1829 de orden de S.M. / por Pedro Sainz de Andino (p. 53-268) . Enciclopedia española de derecho y administración, o Nuevo teatro universal de la legislación de España e Indias / por Lorenzo Arrazola, Pedro Sainz de Andino, Miguel Puche y Bautista ... [et al.] (p. 269-548)
651 4 _aEspaña-
_xAdministración-
_yS.XIX.
_9138846
700 1 _aArrazola, Lorenzo,
_d1795-1873
_923230
700 1 _aPuche y Bautista, Miguel.
_9161180
710 2 _aInstituto Nacional de Administración Pública (España)
_95139
740 0 2 _aExposición al Rey N.S. sobre la situación política del reino.
740 0 2 _aEnciclopedia española de derecho y administración.
740 0 2 _aNuevo teatro universal de la legislación de España e Indias.
830 1 0 _aClásicos de la Administración
_v7
_9187056
852 _aES-MaACL
_jL-2790
999 _c136866
_d136866